000
00299nam a22001337a 4500
008
181107b xxu||||| |||| 00| 0 eng d
020
_a
0442262558
041
_a
eng
080
_2
4th
_a
101
100
_a
24
101
_a
FIL
245
_a
Great Traditions in Ethics
_c
Albert,E.M
942
_2
udc
_c
BK
999
_c
52055
_d
52055